Die Wilden Hühner Quiz - Statistiken

Allgemein
  • Dieses Quiz wurde 126 mal gespielt
  • Das Durchschnittsergebnis liegt bei 8 aus 15
Antwortstatistiken
Frage Antwort % Korrekt
Wie heißt Sprotte eigentlich? Charlotte
84%
Was ist das Hauptquartier der wilden Hühner? Wohnwagen
84%
Wie heißt die "Gegenbande" der wilden Hühner? Pygmäen
82%
Als was arbeitet Sprottes Mama? Taxifahrerin
80%
Was ist das Hauptquartier von den Pygmäen? Baumhaus
72%
Was schwören die wilden Hühner nicht mehr zu essen? Hühnerfleisch
68%
Wer war Friedas erster Freund? Torte
61%
Wessen Eltern trennen sich während der Klassenfahrt? Trude
47%
In wen verliebt sich Wilma? Leonie
43%
Wie heißt Torte eigentlich? Thorsten
42%
Wie heißt Willis neue Freundin nach Melanie? Nana
31%
Wie heißt Friedas kleiner Bruder? Luki
24%
Wie nennt Sprotte ihre Oma, wenn sie über sie spricht? OS
18%
Was ist das Bandenzeichen der wilden Hühner Kette mit Hühnerfeder
8%
Was ist das Erkennungszeichen der Pygmäen? Ohring
8%
Keine übereinstimmenden Quizze gefunden
Verteilung der Resultate
Anzahl Personen mit jedem Resultat
Perzentil nach korrekt beantworteten Fragen
Ihre Resultats-Entwicklung
Sie haben dieses Quiz noch nicht gespielt